| 000 | 00612nam a22001937a 4500 | ||
|---|---|---|---|
| 003 | OSt | ||
| 005 | 20250620033107.0 | ||
| 008 | 250620b |||||||| |||| 00| 0 eng d | ||
| 020 | _a978-621-478-054-9 | ||
| 040 |
_aDWCL-Main Lib _cOC |
||
| 082 | _aFil. 920 L839l 2024 | ||
| 100 | _aLomibao, Jaime A. | ||
| 245 |
_aLife and works of Jose Rizal/ _cJaime A. Lomibao |
||
| 260 |
_aManila, Philippines: _bEDRIC Publishing House, _cc2024. |
||
| 300 |
_a95 pages: _b illustrations; _c25cm. |
||
| 504 | _aIncludes bibliographical references. | ||
| 650 | _a1. Rizal, Jose - Biography | ||
| 942 |
_2ddc _cBK - FIL _kFil. _n0 |
||
| 999 |
_c3184 _d3184 |
||